| 000 | 00629nam a2200217 i 4500 | ||
|---|---|---|---|
| 001 | 10517 | ||
| 003 | ES-MaACL | ||
| 005 | 20230906145913.0 | ||
| 007 | t| | ||
| 008 | 950823s1954 sp f |||| | spa d | ||
| 080 | _a9(642.8) | ||
| 100 | 1 |
_aFlores Morales, Angel. _951292 |
|
| 245 | 1 | 0 |
_aTánger / _cpor Angel Flores Morales. |
| 260 |
_aMadrid : _bPublicaciones Españolas, _c1954. |
||
| 300 |
_a29 p.,[4] p. de lám. ; _c24 cm. |
||
| 490 | 1 |
_aTemas españoles ; _v135 |
|
| 651 | 4 |
_aTánger- _xHistoria. _99425 |
|
| 830 | 0 |
_aTemas españoles ; _v135 _9178712 |
|
| 852 |
_aES-MaACL _jL-17826 |
||
| 999 |
_c10517 _d10517 |
||